000 00510nam a2200229Ia 4500
005 20250425160658.0
008 250425s9999 xx 000 0 und d
020 _a9701000625
041 _aspa
082 _a330
100 _aSAMUELSON, PAULA
245 0 _aECONOMIA
250 _a13A ED.
260 _aMEXICO
260 _aMéxico
_bMC GRAW-HILL
_c1992
300 _a1192
650 _aCOMERCIO INTERNACIONAL
650 _aECONOMIA
650 _aMACROECONOMIA
942 _c01
010 _a2131
999 _c193968
_d193968